Music Quiz

Random Music or Album Quiz

#1 Albums of 1990 (clips) Quiz Stats

 Plays Quiz not verified by Sporcle

Score 0/8 Timer 04:00
0 Plays Today
Time Artist % Correct
1:10Vanilla Ice
94.7%
0:50MC Hammer
93.4%
0:40Sinead O'Connor
92.4%
0:00Phil Collins
91.1%
0:20Paula Abdul
84.1%
1:00New Kids on the Block
70%
0:10Milli Vanilli
66.8%
0:30Bonnie Raitt
43.2%

You're not logged in!

Compare scores with friends on all Sporcle quizzes.
OR
Log In

Sporcle TV

Today on Sporcle TV


Watch our educational content, quiz creation guides, and fun videos on Sporcle TV.

Show Comments

Extras

Top Quizzes Today


Score Distribution

Your Account Isn't Verified!

In order to create a playlist on Sporcle, you need to verify the email address you used during registration. Go to your Sporcle Settings to finish the process.

Report this User

Report this user for behavior that violates our Community Guidelines.

Details: